Ֆրիդոլին / (Record no. 83611)
[ view plain ]
| 000 -LEADER | |
|---|---|
| fixed length control field | 00641nam a2200193 a 4500 |
| 001 - CONTROL NUMBER | |
| control field | 000236424 |
| 003 - CONTROL NUMBER IDENTIFIER | |
| control field | AM-YeHGA |
| 005 - DATE AND TIME OF LATEST TRANSACTION | |
| control field | 20250618071607.0 |
| 008 - FIXED-LENGTH DATA ELEMENTS--GENERAL INFORMATION | |
| fixed length control field | 030618s1891 gs r 000 0 arm d |
| 040 ## - CATALOGING SOURCE | |
| Original cataloging agency | AM-YeHGA |
| 090 ## - LOCALLY ASSIGNED LC-TYPE CALL NUMBER (OCLC); LOCAL CALL NUMBER (RLIN) | |
| -- | 84886 |
| 100 1# - MAIN ENTRY--PERSONAL NAME | |
| Personal name | Շիլլեր, Ֆրիդրիխ, |
| Dates associated with a name | 1759-1805 |
| 245 10 - TITLE STATEMENT | |
| Title | Ֆրիդոլին / |
| Statement of responsibility, etc. | Ֆ. Շիլլեր; Թարգմ.՝ Րաֆֆի. |
| 260 ## - PUBLICATION, DISTRIBUTION, ETC. | |
| Place of publication, distribution, etc. | Թիֆլիս : |
| Name of publisher, distributor, etc. | տպ. Արոր, |
| Date of publication, distribution, etc. | 1891. |
| 300 ## - PHYSICAL DESCRIPTION | |
| Extent | 32 էջ ; : |
| Other physical details | 14 սմ. |
| 500 ## - GENERAL NOTE | |
| General note | Կազմի վրա` 1892 |
| 650 14 - SUBJECT ADDED ENTRY--TOPICAL TERM | |
| Topical term or geographic name entry element | Գերմանական գրականություն |
| General subdivision | Պատմվածք |
| 700 0# - ADDED ENTRY--PERSONAL NAME | |
| Personal name | Րաֆֆի, |
| Dates associated with a name | 1835-1888 |
| Relator term | թարգմ. |
| Relationship | trl |
| 9 (RLIN) | 926 |
| Withdrawn status | Lost status | Damaged status | Not for loan | Collection | Home library | Current library | Date acquired | Total checkouts | Full call number | Barcode | Date last seen | Price effective from | Koha item type | Public note |
|---|---|---|---|---|---|---|---|---|---|---|---|---|---|---|
| General | Fundamental Scientific Library | Fundamental Scientific Library | 22/12/2016 | AI/13448 | FL0052671 | 22/12/2016 | 22/12/2016 | Գրքեր / Books | 30 Days Loan | |||||
| General | Fundamental Scientific Library | Fundamental Scientific Library | 22/12/2016 | AI/15578 | FL0054997 | 22/12/2016 | 22/12/2016 | Գրքեր / Books | 30 Days Loan |
ՀՀ Գիտությունների ազգային ակադեմիայի հիմնարար գիտական գրադարան = Fundamental Scientific Library of NAS RA
All site content, except where otherwise noted, is licensed under a